| 000 | 00993nas a2200253 4500 | ||
|---|---|---|---|
| 001 | BR8201702 | ||
| 003 | BR-BrBNA | ||
| 005 | 20231205085109.0 | ||
| 007 | ta | ||
| 008 | 230509b bl.|||p| |||| 00| 00por d | ||
| 040 |
_aBR-BrBNA _bpor _cBiblioteca Nacional de Agricultura |
||
| 041 | _a(Pt) | ||
| 072 | _aE15; F25 | ||
| 100 | 1 | _aSalles, P.A.A. de | |
| 100 | 1 | _aGoncalves, J.O.N. | |
| 245 | 1 | _aQuantidade otima economica de nitrogenio usado em capim-pangola e sua determinacao pelo preco relativo atualizado do fator (digitaria decumbens) | |
| 246 | 1 | _aBest economical quantity of nitrogen used on pangola grass and its determination by the factor's actual relative price [Digitaria decumbens] | |
| 650 | _aCAPIM PANGOLA | ||
| 650 | _aFERTILIZANTE NITROGENADO | ||
| 650 | _aANALISE ECONOMICA | ||
| 773 | 0 |
_tPesquisa Agropecuaria Brasileira (Brazil) _xISSN 0100-204X _g(Aug 1982), v. 17(8) p. 1105-1111 _wBR8201702 |
|
| 909 |
_a202311 _bLúcia _c55 _dLúcia Elande |
||
| 942 |
_2AGRIS _n0 _cANA |
||
| 999 |
_c109185 _d109185 |
||